000 00635cam a22002173a 4500
001 39479
003 PGUSA
005 20140828083858.0
008 120419s2012||||xxu|||||s|||||000 | eng d
040 _aPGUSA
_beng
042 _adc
100 1 _aCoolidge, Asenath Carver
245 1 4 _aThe Independence Day Horror at Killsbury
_h[electronic resource] /
_cAsenath Carver Coolidge
260 _bProject Gutenberg,
_c2012
506 _aPublic domain in the USA.
516 _aElectronic text
700 1 _aCoolidge, Cassius M.
830 0 _aProject Gutenberg
_v39479
856 4 0 _uhttp://www.gutenberg.org/ebooks/39479
942 _cEB
999 _c268732
_d268732